London: Photographs in Celebration of London at the Dawn of the New Millennium (Record no. 224956)

MARC details
000 -LEADER
fixed length control field 01415nam a22002417a 4500
005 - DATE AND TIME OF LATEST TRANSACTION
control field 20221029122839.0
008 - FIXED-LENGTH DATA ELEMENTS--GENERAL INFORMATION
fixed length control field 221029b ||||| |||| 00| 0 eng d
020 ## - INTERNATIONAL STANDARD BOOK NUMBER
International Standard Book Number 1919734147
040 ## - CATALOGING SOURCE
Transcribing agency AL
041 ## - LANGUAGE CODE
Language code of text/sound track or separate title English
082 ## - DEWEY DECIMAL CLASSIFICATION NUMBER
Edition number 23
Classification number 914.21048
Item number HOBL
100 ## - MAIN ENTRY--PERSONAL NAME
Personal name Gerald Hoberman
100 ## - MAIN ENTRY--PERSONAL NAME
9 (RLIN) 60555
245 ## - TITLE STATEMENT
Title London: Photographs in Celebration of London at the Dawn of the New Millennium
260 ## - PUBLICATION, DISTRIBUTION, ETC.
Place of publication, distribution, etc. Cape Town
Name of publisher, distributor, etc. Gerald Hoberman Publications
Date of publication, distribution, etc. 1999
300 ## - PHYSICAL DESCRIPTION
Extent 160 p.
Other physical details HB
Dimensions 24.3x30.5 cm.
520 ## - SUMMARY, ETC.
Summary, etc. Gerald Hoberman's "London" is the very quintessence of this great city, a surprising and delightful portrait. It is a celebration and an important record of England's capital at the dawn of the new millennium. Many of the stunning photographs in this book were shot from a helicopter, and show London as it has never been seen before. Readers will encounter an eye-popping city; outgoing and splendidly green, yet urban at the same time. When coupled with John Andrew's fascinating text, this book is a must for anyone who has ever been to London, or dreamed of visiting. The 161 color photographs featured in this mesmerizing volume have been spot U.V. varnished so that they seem to literally "pop" off the page.
650 ## - SUBJECT ADDED ENTRY--TOPICAL TERM
Topical term or geographic name entry element England--London
9 (RLIN) 60556
650 ## - SUBJECT ADDED ENTRY--TOPICAL TERM
Topical term or geographic name entry element London
9 (RLIN) 60557
650 ## - SUBJECT ADDED ENTRY--TOPICAL TERM
Topical term or geographic name entry element Travel
9 (RLIN) 60558
700 ## - ADDED ENTRY--PERSONAL NAME
Personal name HOBERMAN (Gerald)
9 (RLIN) 60559
700 ## - ADDED ENTRY--PERSONAL NAME
Personal name ANDREW (John)
9 (RLIN) 60560
942 ## - ADDED ENTRY ELEMENTS (KOHA)
Source of classification or shelving scheme Dewey Decimal Classification
Koha item type George Fernandes Collections
Holdings
Withdrawn status Lost status Source of classification or shelving scheme Damaged status Not for loan Collection code Home library Current library Date acquired Total Checkouts Full call number Barcode Date last seen Price effective from Koha item type
    Dewey Decimal Classification     Others St Aloysius Library St Aloysius Library 03/23/2013   914.21048 HOBL GF03539 10/29/2022 10/29/2022 George Fernandes Collections